हिंदी शिक्षण (Record no. 17408)
[ view plain ]
| 000 -LEADER | |
|---|---|
| fixed length control field | 00294nam a22001217a 4500 |
| 003 - CONTROL NUMBER IDENTIFIER | |
| control field | SGT |
| 082 ## - DEWEY DECIMAL CLASSIFICATION NUMBER | |
| Classification number | 370 |
| Item number | PAT |
| 100 ## - MAIN ENTRY--PERSONAL NAME | |
| Personal name | पाठक, कृष्ण कुमार |
| 245 ## - TITLE STATEMENT | |
| Title | हिंदी शिक्षण |
| 260 ## - PUBLICATION, DISTRIBUTION, ETC. (IMPRINT) | |
| Place of publication, distribution, etc | DELHI |
| Name of publisher, distributor, etc | SR. PUB. |
| Year of Publication | 2016 |
| 300 ## - PAGE DESCRIPTION | |
| No. of Pages | 160 |
| 942 ## - ADDED ENTRY ELEMENTS (KOHA) | |
| Source of classification or shelving scheme | Dewey Decimal Classification |
| Koha item type | Books |
| Withdrawn status | Lost status | Source of classification or shelving scheme | Damaged status | Use restrictions | Not for loan | Collection code | Home library | Current library | Shelving location | Date acquired | SGTU | Full call number | Accession No. (Barcode) | Date last seen | Bill Date | Koha item type | Total Checkouts | Date last borrowed |
|---|---|---|---|---|---|---|---|---|---|---|---|---|---|---|---|---|---|---|
| Dewey Decimal Classification | Restricted Access | EDUCATION | SGT Engineering Library | SGT Engineering Library | Reference Book | 11/04/2019 | SGTU | 370 PAT | ED4097 | 11/04/2019 | 11/04/2019 | Books | ||||||
| Dewey Decimal Classification | EDUCATION | SGT Engineering Library | SGT Engineering Library | Text Book | 11/04/2019 | SGTU | 370 PAT | ED4098 | 11/04/2019 | 11/04/2019 | Books | |||||||
| Dewey Decimal Classification | EDUCATION | SGT Engineering Library | SGT Engineering Library | Text Book | 11/04/2019 | SGTU | 370 PAT | ED4099 | 11/04/2019 | 11/04/2019 | Books | |||||||
| Dewey Decimal Classification | EDUCATION | SGT Engineering Library | SGT Engineering Library | Text Book | 11/04/2019 | SGTU | 370 PAT | ED4100 | 28/12/2020 | 11/04/2019 | Books | 3 | 25/02/2020 | |||||
| Dewey Decimal Classification | EDUCATION | SGT Engineering Library | SGT Engineering Library | Text Book | 11/04/2019 | SGTU | 370 PAT | ED4101 | 11/04/2019 | 11/04/2019 | Books |